| 000 | 00678nam a2200265 a 4500 | ||
|---|---|---|---|
| 003 | DO-SdBNP | ||
| 005 | 20220926103531.0 | ||
| 007 | ta | ||
| 008 | 220926e19911987dr a|||ar|||| 00| 0 spa d | ||
| 020 | _a8420728071 | ||
| 020 | _a8420728357 | ||
| 020 | _a8420728462 | ||
| 020 | _a8420728470 | ||
| 020 | _a8420728189 | ||
| 040 |
_aDO-SdBNP _bspa _cBNPHU |
||
| 082 | 4 |
_222 _bC153t |
|
| 245 | 0 | 0 | _aCaligrafía 3. |
| 260 |
_aMadrid : _bANAYA, _c1991 |
||
| 300 |
_a5 v. : _bil. ; _c27 cm. |
||
| 500 | _aLa biblioteca posee v.3, v.8, v.18, v.19, v.20 | ||
| 650 | 4 |
_930849 _aCaligrafía _xLibro de Texto |
|
| 650 | 4 |
_934971 _aCaligrafía |
|
| 910 | _aMFeliz | ||
| 942 |
_2ddc _cLF2 |
||
| 999 |
_c52463 _d52463 |
||